| 000 | 00528nam a2200193 4500 | ||
|---|---|---|---|
| 001 | 108316 | ||
| 003 | ES-MaACL | ||
| 007 | t| | ||
| 008 | 061121s1949 sp r ||||1| spa d | ||
| 100 | 1 |
_aMontero, Carmen. _982471 |
|
| 245 | 1 | 0 |
_aMisión extravagante _b: novela / _cCarmen Montero. |
| 250 | _a[1.ª ed.]. | ||
| 260 |
_aBarcelona : _bHymsa, _c1949. |
||
| 300 |
_a296 p. ; _c19 cm. |
||
| 490 | 1 | _aColección Aurea | |
| 830 | 0 |
_aColección Aurea _9232937 |
|
| 852 |
_aES-MaACL _jB-7376 _bR.28963 |
||
| 999 |
_c108316 _d108316 |
||